Management. (6th ed.) (Record no. 82376)

MARC details
000 -LEADER
fixed length control field 00728nam a2200193 a 4500
008 - FIXED-LENGTH DATA ELEMENTS--GENERAL INFORMATION
fixed length control field 120416s1995 ||||||||||||||||| || u
020 ## - INTERNATIONAL STANDARD BOOK NUMBER
International Standard Book Number 0135447356
050 ## - LIBRARY OF CONGRESS CALL NUMBER
Classification number HD 31 Sto
100 ## - MAIN ENTRY--PERSONAL NAME
Personal name Stoner, James Arthur Finch, 1935-
245 10 - TITLE STATEMENT
Title Management. (6th ed.)
250 ## - EDITION STATEMENT
Edition statement 6th ed.
260 ## - PUBLICATION, DISTRIBUTION, ETC.
Place of publication, distribution, etc. Englewood Cliffs, N.J.:
Name of publisher, distributor, etc. Prentice-Hall
Date of publication, distribution, etc. 1995
300 ## - PHYSICAL DESCRIPTION
Extent xxv, 692p. : ill.
350 ## -
-- 0.00
650 #0 - SUBJECT ADDED ENTRY--TOPICAL TERM
Topical term or geographic name entry element MANAGEMENT
700 ## - ADDED ENTRY--PERSONAL NAME
Personal name Gilbert, Daniel R
995 ## -
-- SHORT LOAN BOOKS
-- 0.00
-- 727604
-- CBU-MAIN LIBRARY (Kitwe)
-- 1
-- 22.95
-- HD 31 Sto
-- 1
-- AVAILABLE
-- 025423
-- Short Loan Collection
995 ## -
-- SHORT LOAN BOOKS
-- 0.00
-- 727605
-- CBU-MAIN LIBRARY (Kitwe)
-- 2
-- 22.95
-- HD 31 Sto
-- 2
-- AVAILABLE
-- 025422
-- Short Loan Collection
999 ## -
-- 82376
-- 82376
Holdings
Withdrawn status Lost status Source of classification or shelving scheme Damaged status Not for loan Permanent Location Current Location Shelving location Date acquired Total Checkouts Full call number Barcode Date last seen Copy number Price effective from Koha item type
          CBU-MAIN LIBRARY, KITWE. CBU-MAIN LIBRARY, KITWE.   09/27/2023   HD 31 Sto 025423 09/27/2023 1 09/27/2023 SHORT LOAN COLLECTION
          CBU-MAIN LIBRARY, KITWE. CBU-MAIN LIBRARY, KITWE.   09/27/2023   HD 31 Sto 025422 09/27/2023 2 09/27/2023 SHORT LOAN COLLECTION